000 00610nam a2200217Ia 4500
003 OSt
005 20220928144747.0
006 a|||||r|||| 00| 0
007 ta
008 220927b |||||||| |||| 00| 0 eng d
024 _a73649
037 _cTextual
040 _aSDCL
_cSDCL
_beng
041 _2eng
_aeng
082 _aQ:332.2'C, L3
100 _aChakrabarti Haripada
_9509561
245 0 _aAsceticism in ancient India
_b In Brahmanical, Buddhist, Jaina and Ajivika societies.
260 _c1973
942 _hQ:332.2'C, L3
_cTEXL
_2CC
999 _c829546
_d829546